5 joueurs, 1 sélection #2 - Statistiques

Statistiques générales
  • Ce quiz a été pris 114 fois
  • Le résultat moyen est 16 sur 20
Statistiques - réponses
Joueurs Pays % Correct
Luiz Felipe - Stefano Okaka - Nereo Rocco - Mirko Valdifiori - Ciro Immobile Italie
97%
Kim Min-jae - Cha Bum-geun - Son Heung-min - Kang-in Lee - Chu Yung-kwang Corée du Sud
91%
André André - Edgar - Toti - Nani - Petit Portugal
91%
Bénie Traoré - Emmanuel Latte Lath - Odilon Kossounou - Gervinho - Éric Bailly Côte d'Ivoire
90%
Moacir - Bruno Uvini - Ivan Mariz - Michel Bastos - Thiago Motta Brésil
89%
Casimir Koza - Abdesselem Ben Mohammed - Mapou Yanga-Mbiwa -Guillaume Hoarau - Christopher Nkunku France
89%
Walter Kannemann - Gino Peruzzi - Nico Paz - Ennis Hayes - Walter Benítez Argentine
87%
Txomin Careaga - Thomas Christiansen - Jonny - Dean Huijsen - László Kubala Espagne
87%
Cuauhtémoc Blanco - Hugo Sánchez - Pável Pardo - Alexis Vega - Hirving Lozano Mexique
85%
Diego Demme - Peco Bauwens - Nick Woltemade - Ridle Baku - Karim Bellarabi Allemagne
79%
Atiba Hutchinson - Maxime Crépeau - Luc de Fougerolles - Jonathan David - Carlo Corazzin Canada
79%
Aaron Mooy - Miloš Degenek - Garang Kuol - Tim Cahill - Mile Jedinak Australie
78%
Piet Ouderland - Lo La Chapelle - Anwar El-Ghazi - Jaap Stam - Terence Kongolo Pays-Bas
77%
Aleš Čeh - Jaka Bijol - Blaž Kramer - Aleksander Knavs - Josip Iličić Slovénie
75%
Roque Santa Cruz - Miguel Almirón - Omar Alderete - Julio Enciso - Paulo da Silva Paraguay
70%
Murat Yakın - Stefan Gartenmann - Zeki Amdouni - Admir Mehmedi - Ricardo Rodríguez Suisse
68%
Lassine Sinayoko - Yves Bissouma - Hamari Traoré - Diadie Samassékou - Seydou Keita Mali
66%
Moumouni Dagano - Bertrand Traoré - Nasser Djiga - Edmond Tapsoba - Issa Kaboré Burkina Faso
62%
Eldor Shomurodov - Mirjalol Qosimov - Odil Ahmedov - Abdukodir Khusanov - Aziz Turgʻunboyev Ouzbékistan
62%
Dimitri Mbuyu - Dedryck Boyata - Luis Pedro Cavanda - Ameen Al-Dakhil - Laurent Ciman Belgique
61%
Aucun quiz correspondant
Distribution des résultats
% des personnes avec chaque résultat
Percentile par nombre de réponses
Votre historique - résultats
Vous n’avez pas pris ce quiz